| 000 | 00743pam a2200265 a 4500 | ||
|---|---|---|---|
| 001 | 518034 | ||
| 003 | OSt | ||
| 005 | 20180924125112.0 | ||
| 008 | 861125s1987 nyua b 001 0 eng | ||
| 010 | _a 86031838 | ||
| 020 | _a0716718057 | ||
| 040 |
_aDLC _cDLC _dDLC |
||
| 050 | 0 | 0 |
_aQH323.5 _b.S633 1987 |
| 082 | 0 | 0 |
_a574.072 SOK 1987 _219 |
| 100 | 1 |
_aSokal, Robert R.; Rohlf, James F. _92155 |
|
| 245 | 1 | 0 | _aIntroduction to Biostatistics |
| 250 | _a2nd ed. | ||
| 260 |
_aNew York : _bFreeman, _cc1987. |
||
| 300 |
_axii, 363 p. : _bill. ; _c24 cm. |
||
| 504 | _a Includes index, & bibliography | ||
| 650 | 0 |
_aBiometry. _91390 |
|
| 650 | 0 |
_aBiostatistics _92250 |
|
| 906 |
_a7 _bcbc _corignew _d1 _eocip _f19 _gy-gencatlg |
||
| 942 |
_2z _cSLOAN |
||
| 999 |
_c802 _d802 |
||